| 000 | 01126nam a2200337 i 4500 | ||
|---|---|---|---|
| 001 | bg | ||
| 100 | 1 | _aBEA, F. X. | |
| 245 | 0 | 0 |
_aAllgemeine Betriebswirtschaftslehre. _nBd. 3, _pLeistungsprozeß / _cmit Beiträgen von E. Troßmann [ et. al.] ; hrsg. von F. X. Bea, E. Dichtl und M. Schweitzer. |
| 250 | _a6., neubearb. Aufl. | ||
| 260 |
_aStuttgart ; _aJena : _bGustav Fischer, _c1994. |
||
| 300 |
_a490 s. : , wykr. _c20 cm. |
||
| 490 | 1 | _aGrundwissen der Ökonomik : Betriebswirtschaftslehre | |
| 490 | 1 |
_aUTB für Wissenschaft : Uni-Taschenbücher ; _v1083 |
|
| 504 | _aBibliogr. przy rozdz. Indeks. | ||
| 650 | 9 |
_aZarządzanie _xteoria |
|
| 650 | 9 |
_aOrganizacja _xteoria |
|
| 700 | 1 | _aDICHTL, E. | |
| 700 | 1 | _aSCHWEITZER, M. | |
| 700 | 1 | _aTROßMAN, E. | |
| 830 | 0 | _aGrundwissen der Ökonomik | |
| 830 | 0 |
_aUTB für Wissenschaft ; _v1083 |
|
| 020 | _a3437403214 ((Fisher)) | ||
| 020 | _a3825210839 ((UTB)) | ||
| 040 | _cBPK | ||
| 041 | 0 | _ade | |
| 080 | _a65.01 | ||
| 920 | _a3-437-40321-4 ((Fisher)) | ||
| 920 | _a3-8252-1083-9 ((UTB)) | ||
| 942 | _cKS | ||
| 008 | s pl f |000 0 pol | ||
| 999 |
_c30981 _d30981 |
||
| 856 |
_uhttp://koha.tu.koszalin.pl/cgi-bin/koha/opac-detail.pl?biblionumber=30981 _yKatalog online BPK |
||